[Event "Mecklenburg VP LL 1617"]
[Site "Mecklenburg VP"]
[Date "2017.02.26"]
[Round "6.7"]
[White "Haase, Sebastian"]
[Black "Klepin, Wilfried"]
[Result "1/2-1/2"]
[WhiteElo "1726"]
[BlackElo "1831"]
[PlyCount "24"]
[EventDate "2016.10.16"]
[EventType "team-tourn"]
[EventRounds "9"]
[EventCountry "GER"]
[SourceTitle "EXT 2022"]
[Source "ChessBase"]
[SourceDate "2021.10.06"]
[SourceVersion "1"]
[SourceVersionDate "2021.10.06"]
[SourceQuality "1"]
[WhiteTeam "Grevesmuehlen Blau Weiss"]
[BlackTeam "Stralsund FHSG"]
[WhiteTeamCountry "GER"]
[BlackTeamCountry "GER"]

1. d4 d5 2. Bf4 c6 3. c3 Bf5 4. e3 e6 5. Bd3 Bg6 6. Nf3 Nf6 7. h3 Bd6 8. Ne5 Qc7 9. Qc2 Bxd3 10. Qxd3 Nbd7 11. Nxd7 Nxd7 12. Bxd6 Qxd6 1/2-1/2

[Event "Mecklenburg VP VL 1415"]
[Site "Mecklenburg VP"]
[Date "2015.01.18"]
[Round "5.7"]
[White "Schumann, Rabea"]
[Black "Klepin, Wilfried"]
[Result "0-1"]
[WhiteElo "1809"]
[BlackElo "1849"]
[PlyCount "76"]
[EventDate "2014.09.21"]
[EventType "team-tourn"]
[EventRounds "9"]
[EventCountry "GER"]
[SourceTitle "EXT 2022"]
[Source "ChessBase"]
[SourceDate "2021.10.06"]
[SourceVersion "1"]
[SourceVersionDate "2021.10.06"]
[SourceQuality "1"]
[WhiteTeam "Rostock SSC 07 II"]
[BlackTeam "Stralsund FHSG"]
[WhiteTeamCountry "GER"]
[BlackTeamCountry "GER"]

1. c4 e6 2. Nf3 d5 3. g3 f5 4. Bg2 Nf6 5. 0-0 c6 6. d4 Bd6 7. c5 Bc7 8. Nc3 Nbd7 9. b4 e5 10. e3 0-0 11. a4 Ne4 12. Qc2 Nxc3 13. Qxc3 e4 14. Ne1 g5 15. Bd2 g4 16. b5 Rf6 17. h3 Rh6 18. hxg4 fxg4 19. Nc2 Nf6 20. Rfb1 Qe8 21. Be1 Qh5 22. Qd2 Qh2+ 23. Kf1 Nh5 24. a5 Rf6 25. Ke2 Qxg2 26. Kd1 a6 27. bxc6 bxc6 28. Rb2 Ng7 29. Rab1 Ne6 30. Na3 Ng5 31. Qc1 Nf3 32. Qc3 Rh6 33. Re2 Qf1 34. Rbb2 Rh1 35. Nb1 Nxe1 36. Rxe1 Qxe1+ 37. Qxe1 Rxe1+ 38. Kxe1 Bxa5+ 0-1

[Event "Mecklenburg VP VL 1314"]
[Site "Mecklenburg VP"]
[Date "2013.12.15"]
[Round "4.7"]
[White "Klepin, Wilfried"]
[Black "Schumann, Rabea"]
[Result "1-0"]
[WhiteElo "1822"]
[BlackElo "1687"]
[PlyCount "99"]
[EventDate "2013.10.20"]
[EventType "team-tourn"]
[EventRounds "9"]
[EventCountry "GER"]
[SourceTitle "EXT 2022"]
[Source "ChessBase"]
[SourceDate "2021.10.06"]
[SourceVersion "1"]
[SourceVersionDate "2021.10.06"]
[SourceQuality "1"]
[WhiteTeam "Stralsund FHSG"]
[BlackTeam "Rostock SSC 07 II"]
[WhiteTeamCountry "GER"]
[BlackTeamCountry "GER"]

1. f4 c5 2. e3 Nf6 3. Nf3 Nc6 4. d4 cxd4 5. exd4 e6 6. c3 Be7 7. Bd3 0-0 8. 0-0 d6 9. Qe1 h6 10. Nbd2 Nb8 11. Nc4 Nbd7 12. h3 Nb6 13. g4 Nxc4 14. Bxc4 Bd7 15. Bd3 Bc6 16. g5 Nh7 17. g6 Nf6 18. gxf7+ Kxf7 19. Nh4 Qd7 20. f5 Bd8 21. Qg3 Rg8 22. Qg6+ Kf8 23. fxe6 Qxe6 24. Bf4 Qxh3 25. Nf5 Be7 26. Nxe7 Kxe7 27. Rae1+ Kd8 28. Qg3 Qxg3+ 29. Bxg3 Kc7 30. c4 Rae8 31. c5 Kd7 32. Bf5+ Kd8 33. Be6 Rgf8 34. Bxd6 Rh8 35. Bf7 Re4 36. Rxe4 Nxe4 37. Be5 Kd7 38. d5 Bb5 39. Be6+ Kd8 40. Rf7 Ng5 41. Rxb7 Re8 42. Rxb5 Nf3+ 43. Kf2 Nxe5 44. Rb8+ Ke7 45. Rb7+ Kf6 46. Ke3 Rd8 47. b4 Nc4+ 48. Kd4 Ne5 49. b5 g5 50. c6 1-0

[Event "Mecklenburg VP VL 1314"]
[Site "Mecklenburg VP"]
[Date "2013.11.24"]
[Round "3.6"]
[White "Klepin, Wilfried"]
[Black "Siegert, Gregor"]
[Result "1-0"]
[WhiteElo "1822"]
[BlackElo "1859"]
[PlyCount "57"]
[EventDate "2013.10.20"]
[EventType "team-tourn"]
[EventRounds "9"]
[EventCountry "GER"]
[SourceTitle "EXT 2022"]
[Source "ChessBase"]
[SourceDate "2021.10.06"]
[SourceVersion "1"]
[SourceVersionDate "2021.10.06"]
[SourceQuality "1"]
[WhiteTeam "Stralsund FHSG"]
[BlackTeam "Schwerin SF III"]
[WhiteTeamCountry "GER"]
[BlackTeamCountry "GER"]

1. d4 Nf6 2. Nf3 g6 3. Bf4 Bg7 4. c3 d6 5. Nbd2 0-0 6. h3 Nbd7 7. e4 Qe8 8. g4 e5 9. dxe5 Nxe5 10. Nxe5 dxe5 11. Be3 b6 12. Bc4 Bb7 13. f3 Rd8 14. Qe2 c6 15. 0-0-0 b5 16. Bb3 Qe7 17. h4 a5 18. a3 b4 19. cxb4 axb4 20. a4 Ra8 21. h5 Ba6 22. Qf2 Bd3 23. Bc5 Qb7 24. hxg6 hxg6 25. Nb1 Rfd8 26. Qe3 Ba6 27. g5 Nd7 28. Bxf7+ Kxf7 29. Qb3+ 1-0